| 000 | 01647nam a22003135 4500 | ||
|---|---|---|---|
| 001 | sjdsz9hypl b1295680 | ||
| 003 | sjds | ||
| 005 | 20240423201112.0 | ||
| 008 | 130417 spa | ||
| 020 | _a9780825419324 | ||
| 020 | _a0825419328 : PAP | ||
| 040 | _csjds | ||
| 041 | _aspa | ||
| 050 | _aBR | ||
| 092 |
_aJ _bSPANISH 241 M |
||
| 100 | _aMackall, Dandi Daley. | ||
| 245 | 0 | 0 |
_aDios me ensena como vivir : _bcon los diez mandamientos a seguir / _cwritten by Dandi Daley Mackall ; pictures by Claudine Gevry.. |
| 246 | 1 |
_iSpanish translation of: _aGod shows the way. |
|
| 260 |
_a[Grand Rapids, Mich.] : _bEditorial Portavoz, _c2012. |
||
| 300 |
_a1 v. (unpaged) : _bcol. ill. ; _c27 cm. |
||
| 490 | _aMis versiculos favoritos. | ||
| 500 | _aTranslation of :With ten rules to obey, God shows the way. | ||
| 520 | _aThis engaging title joyfully presents the message of the Ten Commandments from Exodus 20 to young children. Each commandment is portrayed with lively, colorful illustrations of familiar childhood experiences. The easy-to-understand rhyming text tells the story of how children can learn and obey the Ten Commandments. | ||
| 520 | _aEste atractivo titulo presenta el mensaje de los Diez Mandamientos de Exodo 20 a los ninos pequenos. Se explica cada mandamiento con ilustraciones coloridas de experiencias vividas en la infancia. El texto, facil de entender, cuenta la historia de como los ninos pueden aprender y obedecer los Diez Mandamientos. | ||
| 650 | 1 |
_aBible stories _vJuvenile literature. |
|
| 650 | 1 |
_aTen commandments _vJuvenile literature. |
|
| 700 | 1 | _aGevry, Claudine. | |
| 942 | _cBK | ||
| 999 |
_c29456 _d29454 |
||